Statistics for Cities that beat Sao Paulo

Click here to take the quiz!

General Stats

  • This quiz has been taken 82 times
  • The average score is 7 of 10

Answer Stats

RankCategoryBeaten by% Correct
2Most populous in the AmericasMexico City
99%
3Southernmost megacity (pop. 10M+)Buenos Aires / Johannesburg
92%
4Most populous non-capital cityGuangzhou / Shanghai / Mumbai
82%
3Busiest metro system in the AmericasNew York City / Mexico City
81%
25M+ city closest to Rio de JanieroBelo Horizonte
79%
2Busiest airport in Latin AmericaMexico City
79%
3Largest urban area not touching an oceanDelhi / Mexico City
68%
2Most populous city in the southern hemisphereJakarta
63%
2Best university in Latin America*Santiago
49%
2Most Formula 1 races held in the Americas**Montreal
18%

Score Distribution

Percentile by Number Answered

Percent of People with Each Score

Your Score History

You have not taken this quiz